| 000 | 00702cam a22002413a 4500 | ||
|---|---|---|---|
| 001 | 30505 | ||
| 003 | PGUSA | ||
| 005 | 20140828083647.0 | ||
| 008 | 091120s2009||||xxu|||||s|||||000 | eng d | ||
| 040 |
_aPGUSA _beng |
||
| 042 | _adc | ||
| 050 | 4 | _aPR | |
| 100 | 1 |
_aRowe, Nicholas, _d1674-1718 |
|
| 245 | 1 | 0 |
_aJane Shore : _bA Tragedy _h[electronic resource] / _cNicholas Rowe |
| 260 |
_bProject Gutenberg, _c2009 |
||
| 506 | _aPublic domain in the USA. | ||
| 516 | _aElectronic text | ||
| 653 | _aEdward IV, King of England, 1442-1483 -- Drama | ||
| 653 | _aShore, Jane, d. 1527? -- Drama | ||
| 830 | 0 |
_aProject Gutenberg _v30505 |
|
| 856 | 4 | 0 | _uhttp://www.gutenberg.org/ebooks/30505 |
| 942 | _cEB | ||
| 999 |
_c259760 _d259760 |
||